000 01251nam a22003737a 4500
003 CHAP
005 20220329133424.0
008 971013s1992 r 00010 d
010 _a6198
011 _a7170
035 _a6393
040 _cCHAP
090 _aTesis
100 0 0 _aGonzález Negrete, Eduardo.
_949226
245 _aInducción de cuateo en maíz (Zea mays L.) mediante el inhibidor del transporte polar de auxinas TIBA
260 _aChapingo, Méx. :
_bEl autor,
_c1992
300 _a58 h.
500 _a61-89
502 _aTesis (Ing. Agr. Esp. en Fitotecnia) -- UACH. Departamento de Fitotecnia
590 _aALEPH
_b10
_c20130110
_lUCH01
_h1217
590 _aBATCH-UPD
_b10
_c20130110
_lUCH01
_h0301
590 _aBATCH-UPD
_b10
_c20130110
_lUCH01
_h1424
590 _aBATCH-UPD
_b10
_c20130409
_lUCH01
_h2332
590 _aBATCH-UPD
_b10
_c20130410
_lUCH01
_h1404
590 _aBATCH-UPD
_b10
_c20130914
_lUCH01
_h0429
590 _aCONVERSION
_b10
_c20130109
_lUCH01
_h1304
650 1 4 _aAuxinas.
_98437
650 1 4 _aMaíz
_xEspigamiento.
_970948
650 1 4 _aMaíz
_xRendimiento.
_971051
650 1 4 _aPlantas
_xCrecimiento
_xEstimulantes.
_988808
901 _aBK
942 _cTESIS
949 _bBC
_cTES
_d-15994
_eTS1
_h25250
_i6393
_si
999 _c6198
_d6198